| 000 | 00000nam 2200000zi 4500 |
| 001 | 9.946690 |
| 003 | CaOODSP |
| 005 | 20250110160418 |
| 006 | m o d f |
| 007 | cr bn||||||||| |
| 008 | 250109e198101##bcc ob f000 0 eng d |
| 040 | |aCaOODSP|beng|erda|cCaOODSP |
| 043 | |an-cn--- |
| 086 | 1 |aCo24-3/1-81-019E-PDF |
| 100 | 1 |aAnderson, Peter S., |eauthor. |
| 245 | 10|aStatistics of television broadcasting coverage to rural and remote Canada / |cauthors: Peter S. Anderson. |
| 264 | 1|aBurnaby, B.C : |bDepartment of Communications, Space Program, |cJanuary 1981. |
| 300 | |a1 online resource (iv, 119 pages). |
| 336 | |atext|btxt|2rdacontent |
| 337 | |acomputer|bc|2rdamedia |
| 338 | |aonline resource|bcr|2rdacarrier |
| 490 | 1 |aDOC contractor report ; |vDOC-CR-SP-81-019 |
| 500 | |a"Unclassified." |
| 500 | |a"Department of Supply and Services Contract no: OSV79-00087." |
| 500 | |aDigitized copy from print [produced by Innovation, Science and Economic Development Canada]. |
| 504 | |aIncludes bibliographical references. |
| 520 | |a"The objective of this project, as listed in the document dated January 21, 1980 is to: study the requirements for television and radio broadcasting in remote and rural Canada, and to document the requirements in sufficient detail to allow the study of alternative means of delivery of the services"--Introduction, page [1]. |
| 650 | 0|aTelevision broadcasting|zCanada|vStatistics. |
| 650 | 0|aTelevision in rural development|zCanada. |
| 650 | 6|aTélévision|zCanada|vStatistiques. |
| 650 | 6|aTélévision dans le développement rural|zCanada. |
| 710 | 1 |aCanada. |bDepartment of Communications. |bSpace Program, |eissuing body. |
| 710 | 2 |aSimon Fraser University. |bTelecommunications Research Group, |eissuing body. |
| 830 | #0|aDOC contractor report (Canada. Department of Communications)|vDOC-CR-SP-81-019.|w(CaOODSP)9.869864 |
| 856 | 40|qPDF|s7.24 MB|uhttps://publications.gc.ca/collections/collection_2025/isde-ised/co24/Co24-3-1-81-019-eng.pdf |